Catalog

Record Details

Catalog Search



Available copies

  • 2 of 2 copies available at LARL/NWRL Consortium.
  • 2 of 2 copies available at Lake Agassiz Regional Library. (Show preferred library)

Current holds

0 current holds with 2 total copies.

Show All Copies
Location Call Number / Copy Notes Barcode Shelving Location Status Due Date
Detroit Lakes Public Library SAK (Text) 33500014141410 Main Available -
Moorhead Public Library SAK (Text) 33500014141428 Main Available -

Record details

  • ISBN: 9780593832561
  • ISBN: 0593832566
  • Physical Description: 340 pages ; 24 cm.
  • Edition: First United States edition.
  • Publisher: [New York, NY] : Pamela Dorman Books / Viking, 2025.

Content descriptions

Summary, etc.:
"A billionaire is primed to announce the ... Read More
Subject: Billionaires > Fiction.
Family-owned business enterprises > Succession > India > Delhi > Fiction.
Inheritance and succession > Fiction.
Murder > Fiction.
Islands > Scotland > Fiction.
Family reunions > Fiction.
Avarice > Fiction.
Genre: Suspense fiction.
Thrillers (Fiction)
Detective and mystery fiction.
Novels.
LDR 03074cam a2200457 i 4500
001451326
003LARL_NWRL_CONSORTIUM
00520250117162459.0
008250103s2025 nyu e 000 1 eng
010 . ‡a 2024018186
040 . ‡aDLC ‡beng ‡erda ‡cFEM ‡dFEM ‡dJST ‡dYU6 ‡dRNL
020 . ‡a9780593832561 ‡qhc.
020 . ‡a0593832566 ‡qhc.
020 . ‡z9780593832578 ‡qebook
035 . ‡a(OCoLC)1482781838
043 . ‡aa-ii--- ‡ae-uk-st
08200. ‡a823/.92 ‡223/eng/20240510
1001 . ‡aSakhlecha, Trisha, ‡eauthor. ‡1https://id.oclc.org/worldcat/entity/E39PCjvGTD7xMPt8bV69xypdcP
24514. ‡aThe inheritance / ‡cTrisha Sakhlecha.
250 . ‡aFirst United States edition.
264 1. ‡a[New York, NY] : ‡bPamela Dorman Books / Viking, ‡c2025.
300 . ‡a340 pages ; ‡c24 cm.
336 . ‡atext ‡btxt ‡2rdacontent
337 . ‡aunmediated ‡bn ‡2rdamedia
338 . ‡avolume ‡bnc ‡2rdacarrier
520 . ‡a"A billionaire is primed to announce the succession plan for his company to his family at a lavish reunion, but at least one person won't make it through the week alive. . . Most family reunions end in tears. This one will end in murder. Meet the Agarwals, who have gathered on a private, luxury island off the west coast of Scotland for a much-anticipated family reunion: Raj, the patriarch and a business tycoon, is about to announce to his wife and three surviving children the succession plan for his billion-dollar Delhi-based company. Shalini, the fragile matriarch and protector, is ready to have her husband to herself after years of sacrifice to the family business. Myra, the golden child, owner of the island, and host of the reunion, is, unbeknownst to her family, on the brink of bankruptcy. Aseem, the son and supposed heir, is torn between his love for his wife and duty to his family. Aisha, the youngest, a party girl whose antics are legendary, can't pass up an opportunity to wreak chaos. And then there's Zoe, Aseem's wife, the outsider whose #Instaperfect life is built on a foundation of lies. They've all got secrets that they would die to protect. Who will survive this high-stakes reunion, and who will become a victim of their own greed? One thing is certain: this family gathering will shatter more than just their illusions of unity"-- ‡cProvided by publisher.
650 0. ‡aBillionaires ‡vFiction. ‡0(LARL_NWRL_CONSORTIUM)163697
650 0. ‡aFamily-owned business enterprises ‡xSuccession ‡zIndia ‡zDelhi ‡vFiction.
650 0. ‡aInheritance and succession ‡vFiction. ‡0(LARL_NWRL_CONSORTIUM)165197
650 0. ‡aMurder ‡vFiction. ‡0(LARL_NWRL_CONSORTIUM)165989
650 0. ‡aIslands ‡zScotland ‡vFiction.
650 0. ‡aFamily reunions ‡vFiction. ‡0(LARL_NWRL_CONSORTIUM)164951
650 0. ‡aAvarice ‡vFiction. ‡0(LARL_NWRL_CONSORTIUM)163613
655 0. ‡aSuspense fiction.
655 7. ‡aThrillers (Fiction) ‡2lcgft
655 7. ‡aDetective and mystery fiction. ‡2lcgft
655 7. ‡aNovels. ‡2lcgft
77608. ‡iOnline version: ‡aSakhlecha, Trisha. ‡tInheritance ‡bFirst United States edition. ‡d[New York, NY] : Pamela Dorman Books / Viking, 2025 ‡z9780593832578 ‡w(DLC) 2024018187
901 . ‡a451326 ‡bOCoLC ‡c451326 ‡tbiblio ‡soclc

Additional Resources